|
|
|
|
| LEADER |
00000nam a2200000 a 4500 |
| 001 |
vtls001251848 |
| 003 |
SK-MaSNL |
| 005 |
20260301064124.0 |
| 008 |
250414s1985 xo 0 slo |
| 035 |
|
|
|a SNK000202667
|
| 040 |
|
|
|a SNK
|b slo
|c SNK
|e AACR2
|
| 041 |
0 |
|
|a slo
|
| 044 |
|
|
|a xo
|c SK
|
| 080 |
|
|
|a 785.7(086.7)
|2 1981
|
| 100 |
1 |
|
|a Bach, Johann Sebastian,
|d 1685-1750
|4 aut
|9 99650
|
| 245 |
1 |
0 |
|a Suites for Orchestra, BWV 1066-1069
|h Audiozáznam
|c Johann Sebastian Bach ; Slovenský komorný orchester ; Guy Touvron, Miroslav Kejmar, Zdeněk Šedivý, Jiří Krejčí, Gabriela Krčková, Ivan Séquardt, František Herman, Milan Brunner, Václav Mazáček, Bohdan Warchal
|
| 260 |
|
|
|a Bratislava,
|b Opus
|c 1985.
|
| 300 |
|
|
|a 2 s.
|
| 366 |
|
|
|e 350 Kčs.
|
| 500 |
|
|
|a Kompaktná platňa. Stereo. Má 4 skladby. Notes Ladislav Kačic. Prel. Oľga Horská, Selma Steinerová. Obal Ján Krížik. Vytl. Opus, n.p., Bratislava.
|
| 500 |
|
|
|a Na trúbku hrajú Guy Touvron, Miroslav Kejmar, Zdeněk Šedivý. Na hoboj hrajú Jiří Krejčí, Gabriela Krčková, Ivan Séquardt. Na fagot hrá František Herman. Na flautu hrá Milan Brunner. Na tympány hrá Václav Mazáček. Hrá Slovenský komorný orchester, dir. Bohdan Warchal.
|
| 700 |
1 |
|
|a Touvron, Guy
|4 roz
|9 285287
|
| 700 |
1 |
|
|a Kejmar, Miroslav,
|d 1941-
|4 roz
|9 63181
|
| 700 |
1 |
|
|a Šedivý, Zdeněk
|4 roz
|9 380912
|
| 700 |
1 |
|
|a Krejčí, Jiří
|4 roz
|9 380913
|
| 700 |
1 |
|
|a Krčková, Gabriela,
|d 1954-
|4 roz
|9 55410
|
| 700 |
1 |
|
|a Séquardt, Ivan
|4 roz
|9 380914
|
| 700 |
1 |
|
|a Herman, František,
|d 1942-
|4 roz
|9 230833
|
| 700 |
1 |
|
|a Brunner, Milan
|4 roz
|9 367821
|
| 700 |
1 |
|
|a Mazáček, Václav
|4 roz
|9 380909
|
| 700 |
1 |
|
|a Warchal, Bohdan,
|d 1930-2000
|4 roz
|9 99647
|
| 710 |
2 |
|
|a Slovenský komorný orchester
|4 uci
|9 98896
|
| 852 |
|
|
|a Slovenská národná knižnica
|
| 954 |
|
|
|a komorná hudba
|a suity
|
| 958 |
|
|
|a OND
|
| 999 |
|
|
|c 625949
|d 627879
|
| 952 |
|
|
|a SNK
|b SNK
|y PREZ
|7 0
|p 17A1186427
|o snkSCD 76/1-2 D1
|i snk140/88
|z CD 2
|0 0
|1 0
|4 0
|d 2017-03-02
|l 0
|r 2026-02-23 17:09:46
|w 2026-02-23
|
| 952 |
|
|
|t P65, <07>, [BOOK], {657}
|a SNK
|b SNK
|y PREZ
|7 0
|p 17A0201168
|o snkSCD 76/1-2
|i snkJK 139/88
|0 0
|1 0
|4 0
|d 1999-11-22
|l 0
|r 2005-01-01 00:00:00
|w 2026-02-23
|
| 952 |
|
|
|a SNK
|b SNK
|y PREZ
|7 0
|p 17A0201169
|o snkSCD 76/1-2 D1
|i snkJK 140/88
|z CD 1 (ean je prepis na CD)
|0 0
|1 0
|4 0
|d 1999-11-30
|l 0
|r 2005-01-01 00:00:00
|w 2026-02-23
|